The cities of St. Paul: (Record no. 5177)

000 -LEADER
fixed length control field 00606nam a2200181 a 4500
001 - CONTROL NUMBER
control field :::00002918$&:&@@
003 - CONTROL NUMBER IDENTIFIER
control field OkBaRHE
005 - DATE AND TIME OF LATEST TRANSACTION
control field 20000607103258.0
008 - FIXED-LENGTH DATA ELEMENTS--GENERAL INFORMATION
fixed length control field s1967 j 000 0 eng u
040 ## - CATALOGING SOURCE
Transcribing agency
100 1# - MAIN ENTRY--PERSONAL NAME
Personal name Ramsay, William Mitchell, 1851-1939.
245 14 - TITLE STATEMENT
Title The cities of St. Paul:
Remainder of title their influence on his life and thought.
260 ## - PUBLICATION, DISTRIBUTION, ETC. (IMPRINT)
Place of publication, distribution, etc Grand Rapids, MI., :
Name of publisher, distributor, etc Baker Book House
Date of publication, distribution, etc 1967
300 ## - PHYSICAL DESCRIPTION
Extent 452 p. : illus. ;
Dimensions 22 cm.
650 ## - SUBJECT ADDED ENTRY--TOPICAL TERM
Topical term or geographic name as entry element Paul, Saint, apostle
942 ## - ADDED ENTRY ELEMENTS (KOHA)
Source of classification or shelving scheme
Koha item type Books
Copies
Damaged status Lost status Full call number Shelving location Permanent Location Date acquired Price effective from Source of classification or shelving scheme Not for loan Barcode Date last seen Copy number Withdrawn status Koha item type
  BS 2505 .R29General StacksRHEMA Bible Training College2010-04-142010-04-14  29182018-03-161 Books